Military Personnel Rate by Country - Statistics

General Stats
  • This quiz has been taken 17 times
  • The average score is 9 of 18
Answer Stats
Military Personnel Rate (per 1,000) Country Total Military Personnel % Correct
288.2 North Korea 7.58 Million
92%
127 South Korea 6.61 Million
85%
69.4 Israel 643 Thousand
77%
77.9 Taiwan 1.84 Million
69%
47.8 Finland 269 Thousand
62%
27.8 Ukraine 990 Thousand
62%
51.9 Vietnam 5.49 Million
62%
86 Armenia 257 Thousand
46%
36 Azerbaijan 383 Thousand
46%
47 Belarus 448 Thousand
46%
41 Greece 428 Thousand
46%
58.2 Estonia 69.5 Thousand
38%
52 Singapore 311 Thousand
38%
47.6 Cyprus 62.3 Thousand
31%
24.8 Switzerland 218 Thousand
31%
47.6 Eritrea 302 Thousand
23%
49.7 Mongolia 154 Thousand
15%
26 Paraguay 193 Thousand
0%
No matching quizzes found
Score Distribution
Percent of People with Each Score
Percentile by Number Answered
Your Score History
You have not taken this quiz